000 00175nam a2200073Ia 4500
008 170817s9999 xx 000 0 und d
100 _aR. A. SHARMA
245 0 _aSHIKSHA TAKNIKI
260 _bINTERNATNEL MEERUT
999 _c36084
_d36084